00285nam a2200133Ia 4500003000400000005001700004008004100021020001800062040001700080100001500097245001500112260001500127260000900142OSt20240321150725.0170524s9999 xx 000 0 und d a9788172248635 cIIMTU MEERUT aTimpe Dale 0aCreativity bJaico Pub. c2002